000 00768nam a2200253Ia 4500
003 OSt
005 20220923211257.0
006 a|||||r|||| 00| 0
007 ta
008 Pun
020 _a9788179142332 (hbk)
024 _a238,142
037 _cTextual
040 _aARTS
_cARTS
_bPun
041 _2Pun
_aPun
082 _aO153,1N371:g, N0;P8
100 _aਰਵਿੰਦਰ ਰਵੀ, ਥਦ.
245 0 _aਮੇਰਾ ਕਾਵਿ ਨਾਟ ਲੋਕ
260 _aਚੰਡੀਗੜ
_b ਰਘਬੀਰ ਰਚਨਾ ਪ੍ਰਕਾFਨ
_c2008
300 _a550ਪੰ
_ccm.
650 _aਪੰਜਾਬੀ ਸਾਹਿਤ
942 _hO153,1N371:g, N0;P8
_cTEXL
_2CC
999 _c298071
_d298071